00422nam a2200121Ia 45000010005000000080041000050820021000461000054000672450120001212600017002419010027002589990015002853623241024s9999 xx 000 0 und d aRD/379.007/R426s aRepública Dominicana. Ministerio de Educación 0aIV Seminario Subregional de educación, "Conocimientos, prácticas y gestión de procesos educativos de calidad" bUNESCOc2013 a13/1/2014 3:15:18 p.m. c8313d8313